Culture générale - Quiz #39 - Statistiques

Statistiques générales
  • Ce quiz a été pris 63 490 fois
  • Le résultat moyen est 11 sur 20
Statistiques - réponses
Question Réponse % Correct
Selon l'adage, "mieux vaut tard" que quand ? Jamais
99%
Que veut dire le B de PIB ? Brut
87%
Quel fleuve traverse Londres ? La Tamise
83%
Combien font VIII + XXIV ? XXXII
81%
Quels acteurs ont incarné Obélix au cinéma ? Gérard Depardieu
75%
Contre quelle maladie Louis Pasteur a-t-il développé un vaccin dans les années 1885 ? La rage
72%
Quel nom portent les autoroutes allemandes, majoritairement dépourvues de limite de vitesse ? Autobahn
66%
Quelle monnaie française du Moyen Âge tient son nom du mot latin signifiant "bouclier" ? Écu
62%
Quel est le mot écossais pour "lac" ? Loch
62%
Que signifie www dans www.jetpunk.com ? World Wide Web
62%
Quel nom est porté à la fois par une équipe de football d'Amsterdam, deux personnages de l'Iliade et une marque de produits ménagers ? Ajax
58%
Quel dirigeant soviétique portait une tache de vin sur le front ? Mikhaïl Gorbatchev
51%
Quelle série télévisée se déroule dans le quartier fictif du Mistral ? Plus Belle la Vie
46%
Quelle est la capitale nationale la plus au sud ? Wellington
34%
Quel personnage imaginaire est un grand amateur de gloubi-boulga ? Casimir
33%
Quels acteurs ont incarné Obélix au cinéma ? Gilles Lelouche
31%
Quel type d'établissement est tenu par Norman Bates dans le film "Psychose" d'Alfred Hitchcock ? Un motel
30%
Dans quel pays se trouve la majorité de la vallée de l'Indus ? Pakistan
24%
Dans l'armée de terre française, si un adjudant-chef reçoit une promotion, quel est son nouveau grade ? Major
18%
Que sont le Régent, le Golden Jubilee et le Koh-i Nor ? Des diamants / gemmes / pierres précieuses
8%
Aucun quiz correspondant
Distribution des résultats
% des personnes avec chaque résultat
Percentile par nombre de réponses
Votre historique - résultats
Vous n’avez pas pris ce quiz